Schrödinger, las paradojas cuánticas : (Record no. 196310)

MARC details
000 -LEADER
campo de control de longitud fija 01477nam a2200409 i 4500
001 - NÚMERO DE CONTROL
campo de control 196310
003 - IDENTIFICADOR DE NÚMERO DE CONTROL
campo de control ES-MaACL
005 - FECHA Y HORA DE LA ÚLTIMA TRANSACCIÓN
campo de control 20250814045122.0
007 - CAMPO FIJO DE DESCRIPCIÓN FÍSICA--INFORMACIÓN GENERAL
campo de control de longitud fija ta
008 - DATOS DE LONGITUD FIJA--INFORMACIÓN GENERAL
campo de control de longitud fija 2409 s2012 sp a | |||| 001 0dspa
017 ## - NÚMERO DE COPYRIGHT O DE DEPÓSITO LEGAL
Número de copyright o de depósito legal B 27445-2012
Agencia que asigna Oficina Depósito Legal Barcelona
020 ## - NÚMERO INTERNACIONAL ESTÁNDAR DEL LIBRO
Número Internacional Estándar del Libro 9788447376315
035 ## - NÚMERO DE CONTROL DEL SISTEMA
Número de control de sistema (OCoLC)828338892
035 ## - NÚMERO DE CONTROL DEL SISTEMA
Número de control de sistema (SpMaBN)a5292979
035 ## - NÚMERO DE CONTROL DEL SISTEMA
Número de control de sistema 991038658729708606
040 ## - FUENTE DE CATALOGACIÓN
Centro catalogador/agencia de origen SpMaBN
Lengua de catalogación spa
Centro/agencia transcriptor SpMaBN
Normas de descripción rdc
Centro/agencia modificador ES-MaACL
080 ## - NÚMERO DE LA CLASIFICACIÓN DECIMAL UNIVERSAL
Número de la Clasificación Decimal Universal 53 Schrödinger, Erwin
080 ## - NÚMERO DE LA CLASIFICACIÓN DECIMAL UNIVERSAL
Número de la Clasificación Decimal Universal 530.145
100 ## - ENTRADA PRINCIPAL--NOMBRE DE PERSONA
Nombre de persona Blanco Laserna, David,
Fechas asociadas al nombre 1973-
9 (RLIN) 238659
245 10 - MENCIÓN DEL TÍTULO
Título Schrödinger, las paradojas cuánticas :
Resto del título el universo está en la onda /
Mención de responsabilidad, etc. [David Blanco Laserna, texto].
260 ## - PUBLICACIÓN, DISTRIBUCIÓN, ETC.
Lugar de publicación, distribución, etc. [Barcelona] :
Nombre del editor, distribuidor, etc. RBA,
Fecha de publicación, distribución, etc. D.L. 2012.
300 ## - DESCRIPCIÓN FÍSICA
Extensión 167 p. :
Otras características físicas il., gráf. ;
Dimensiones 24 cm
337 ## - TIPO DE MEDIO
Nombre/término del tipo de medio sin mediación
Fuente isbdmedia
338 ## - TIPO DE SOPORTE
Fuente rdacarrier
Nombre/término del tipo de soporte volumen
490 1# - MENCIÓN DE SERIE
Mención de serie Grandes ideas de la ciencia
RLIN 238658
504 ## - NOTA DE BIBLIOGRAFÍA, ETC.
Nota de bibliografía, etc. Bibliografía: p. 163. Índice
600 #0 - PUNTO DE ACCESO ADICIONAL DE MATERIA--NOMBRE DE PERSONA
Nombre de persona Schrodinger, Erwin
Fuente del encabezamiento o término embne
9 (RLIN) 187630
650 #7 - PUNTO DE ACCESO ADICIONAL DE MATERIA--TÉRMINO DE MATERIA
Término de materia o nombre geográfico como elemento de entrada Mecánica cuántica
Fuente del encabezamiento o término embne
9 (RLIN) 14872
830 ## - PUNTO DE ACCESO ADICIONAL DE SERIE-TÍTULO UNIFORME
9 (RLIN) 238658
Título uniforme Grandes ideas de la ciencia
852 ## - LOCALIZACIÓN
Ubicación ES-MaACL
Ubicación en estantería Depósito 1
Donativo/Legado Donación: José Mnuel Duarte Cendán
itemnumber 204028
Número de control de estantería A-15369
903 ## - NOMBRE PERSONAL DE DONANTE
9 238529
a Duarte Cendán, José Manuel
q 1
e Donante
942 ## - ELEMENTOS DE ENTRADA SECUNDARIOS (KOHA)
Fuente del sistema de clasificación o colocación Clasificación decimal universal
Tipo de ítem Koha Libro impreso
Suprimir en OPAC No
956 ## - LOCALIZACIÓN Y ACCESO ELECTRÓNICOS LOCAL (OCLC)
Nombre del host 2
Holdings
Estatus retirado Estado de pérdida Fuente del sistema de clasificación o colocación Estado de daño No para préstamo Biblioteca de origen Biblioteca actual Ubicación en estantería Fecha de adquisición Fuente de adquisición Total de préstamos Signatura topográfica completa Código de barras Visto por última vez Precio de reemplazo Tipo de ítem Koha
    Clasificación decimal universal     Biblioteca del Ateneo de Madrid Biblioteca del Ateneo de Madrid Depósito 1 12/09/2024 Donación   A-15369 101206797 12/09/2024 12/09/2024 Libro impreso